00387nam a22001097a 4500999001500000100003200015245008000047260005500127300000900182942000800191952007800199 c4540d4540 aDissanayake, Oshadhi Vindya aDegradation of industrial Effluent using titanium Dioxide as photocatalyst/ aRajagiriya.bInstitute of chemical science,c2017. a38p; cDES 0010708REFaICbICcREFd2018-05-09l0pD0275r2018-05-09 00:00:00yDIS